Character education in adolescence (Record no. 99134)
[ view plain ]
| 000 -LEADER | |
|---|---|
| fixed length control field | 00507nam a2200205Ia 4500 |
| 003 - CONTROL NUMBER IDENTIFIER | |
| control field | 0100 |
| 008 - FIXED-LENGTH DATA ELEMENTS--GENERAL INFORMATION | |
| fixed length control field | 130307s9999 xx 000 0 und d |
| 040 ## - CATALOGING SOURCE | |
| Transcribing agency | ARRUPELIB |
| 050 ## - LIBRARY OF CONGRESS CALL NUMBER | |
| Classification number | LC268.A5 1940 |
| 300 ## - PHYSICAL DESCRIPTION | |
| Other physical details | 22cm. |
| 100 ## - MAIN ENTRY--PERSONAL NAME | |
| Personal name | Allers, Rudolf |
| 245 ## - TITLE STATEMENT | |
| Title | Character education in adolescence |
| 260 ## - PUBLICATION, DISTRIBUTION, ETC. (IMPRINT) | |
| Place of publication, distribution, etc | Fort Collins |
| 260 ## - PUBLICATION, DISTRIBUTION, ETC. (IMPRINT) | |
| Name of publisher, distributor, etc | Roman Catholic Books |
| 260 ## - PUBLICATION, DISTRIBUTION, ETC. (IMPRINT) | |
| Date of publication, distribution, etc | 1940 |
| 300 ## - PHYSICAL DESCRIPTION | |
| Extent | 188p. |
| 650 ## - SUBJECT ADDED ENTRY--TOPICAL TERM | |
| Topical term following geographic name as entry element | Christian life - Catholic authors |
| 650 ## - SUBJECT ADDED ENTRY--TOPICAL TERM | |
| Location of event | Christianity - 20th century |
| 942 00 - ADDED ENTRY ELEMENTS (KOHA) | |
| Koha issues (borrowed), all copies | 2 |
| Withdrawn status | Lost status | Source of classification or shelving scheme | Damaged status | Not for loan | Collection code | Home library | Current library | Shelving location | Date acquired | Total Checkouts | Full call number | Barcode | Date last seen | Date checked out | Copy number | Price effective from | Koha item type |
|---|---|---|---|---|---|---|---|---|---|---|---|---|---|---|---|---|---|
| Library of Congress Classification | Main Collection | ARRUPE LIBRARY | ARRUPE LIBRARY | 07/03/2013 | 2 | LC268.A5 1940 | 46003087076 | 28/06/2018 | 26/02/2015 | 1 | 07/03/2013 | Monograph ( Printed materials) |